banner-ar

CLASSICAL ARCHAEOLOGY OF GREECE / (Record no. 13669)

MARC details
000 -الفاتح
حقل البيانات ثابتة الطول 00468nam a2200169Ia 4500
008 - عناصر البيانات ثابتة الطول - معلومات عامة
حقل البيانات ثابتة الطول 140319s9999 xx 000 0 eng d
040 ## - مصدر الفهرسة
وكالة الفهرسة الأصلية GCL /
وكالة النسخ GCL
082 04 - رقم تصنيف ديوى العشرى
رقم التصنيف 938
رقم المادة S C
100 1# - المدخل الرئيسى - إسم شخصى
الإسم الشخصى SHANKS, MICHAEL
245 10 - بيان العنوان
العنوان CLASSICAL ARCHAEOLOGY OF GREECE /
بيان المسئوليه,etc SHANKS, MICHAEL
650 04 - المدخل الاضافى بالموضوع-مصطلح موضوعى
مصطلح موضوعي GREECE ANTIQUITIES
650 04 - المدخل الاضافى بالموضوع-مصطلح موضوعى
مصطلح موضوعي GREECE, CIVILIZATION TO 146 BC
650 04 - المدخل الاضافى بالموضوع-مصطلح موضوعى
مصطلح موضوعي ARCHAEOLOGY - GREECE METHODOLOGY
942 ## - عناصر المدخل الإضافي( كوها)
مصدر التصنيف او مخطط الترفيف Dewey Decimal Classification
Koha [default] item type كتاب
260 ## - PUBLICATION, DISTRIBUTION, ETC. (IMPRINT)
-- [S.N] :
-- ROUTLEDGE
Holdings
حالة التراجع حالة الفقد حالة تلف ليس للاعارة المكان المؤقت الموقع الحالى تاريخ الاكتساب اجمالي اﻻعارات رقم الطلب الباركود تاريخ اخر مشاهدة تاريخ تفعيل السعر نوع وعاء كوها
        مكتبة القاهرة الكبرى مكتبة القاهرة الكبرى 03/26/2014   938\S C 26028 03/26/2014 03/26/2014 كتاب

Powered By

EGPV